Online
Catalog

El Señor Pelotero : (Record no. 24121)

MARC details
000 -CABECERA
campo de control de longitud fija 00798nam a2200217 a 4500
001 - NÚMERO DE CONTROL
campo de control 000024628
005 - FECHA Y HORA DE LA ÚLTIMA TRANSACCIÓN
campo de control 20200930023257.0
008 - DATOS DE LONGITUD FIJA--INFORMACIÓN GENERAL
campo de control de longitud fija 110127s1998 cu a r 000 | spa d
020 ## - NÚMERO INTERNACIONAL ESTÁNDAR DEL LIBRO
Número Internacional Estándar del Libro 9592190518
040 ## - FUENTE DE LA CATALOGACIÓN
Centro catalogador/agencia de origen DO-SdBNP
Lengua de catalogación spa
Centro/agencia transcriptor BNPHU
082 ## - NÚMERO DE LA CLASIFICACIÓN DECIMAL DEWEY
Número de clasificación xxx
Número de documento/Ítem M386s
049 ## - FONDOS LOCALES (OCLC)
Fondos de biblioteca BNGR
100 1# - ENTRADA PRINCIPAL--NOMBRE DE PERSONA
Nombre de persona Martínez de Osaba y Goenaga, Juan A.
9 (RLIN) 50503
245 13 - MENCIÓN DE TÍTULO
Título El Señor Pelotero :
Resto del título 50 testimonios: narrativa /
Mención de responsabilidad, etc. Juan A. Martínez de Osaba y Goenaga; prólogo Héctor Rodríguez; colaboradores Ramón Manuel Leal Gómez, Carmen Julia González Ferrer.
260 ## - PUBLICACIÓN, DISTRIBUCIÓN, ETC.
Lugar de publicación, distribución, etc. Pinar del Río :
Nombre del editor, distribuidor, etc. Hermanos Loynaz,
Fecha de publicación, distribución, etc. 1998.
300 ## - DESCRIPCIÓN FÍSICA
Extensión 196 p. :
Otras características físicas il. ;
Dimensiones 21 cm.
490 ## - MENCIÓN DE SERIE
Mención de serie El Fausto
700 1# - PUNTO DE ACCESO ADICIONAL--NOMBRE DE PERSONA
Nombre de persona Leal Gómez, Ramón Manuel
9 (RLIN) 50504
700 1# - PUNTO DE ACCESO ADICIONAL--NOMBRE DE PERSONA
Nombre de persona González Ferrer, Carmen Julia
9 (RLIN) 50505
830 #3 - PUNTO DE ACCESO ADICIONAL DE SERIE-TÍTULO UNIFORME
Título uniforme El Fausto
9 (RLIN) 9684
Holdings
Estado de retiro Estado de pérdida Restricciones de uso No para préstamo Código de colección Localización permanente Ubicación/localización actual Ubicación en estantería Fecha de adquisición Número de inventario Total de préstamos Signatura topográfica completa Código de barras Fecha visto por última vez Precio válido a partir de Tipo de ítem Koha
      Excluido de préstamo Monografías: Libros y Folletos General General En catalogación 01.02.2011 LF1   xxx M386s 24628-10 25.06.2020 25.06.2020 No se presta

Powered by Koha